ARRUPE JESUIT UNIVERSITY

CORONAVIRUS -STOP THE SPREAD - CLEAN,DISINFECT,COVER

Letters from the Desert (Record no. 31853)

MARC details
000 -LEADER
fixed length control field 00488nam a2200181Ia 4500
003 - CONTROL NUMBER IDENTIFIER
control field 0100
005 - DATE AND TIME OF LATEST TRANSACTION
control field 20190219085225.0
008 - FIXED-LENGTH DATA ELEMENTS--GENERAL INFORMATION
fixed length control field 130303s9999 xx 000 0 und d
040 ## - CATALOGING SOURCE
Transcribing agency ARRUPELIB
050 ## - LIBRARY OF CONGRESS CALL NUMBER
Classification number BX2185.C3413 1972
300 ## - PHYSICAL DESCRIPTION
Dimensions 19cm.
100 ## - MAIN ENTRY--PERSONAL NAME
Personal name Carretto, Carlo
9 (RLIN) 7586
245 ## - TITLE STATEMENT
Title Letters from the Desert
Statement of responsibility, etc Carlo Carretto
260 ## - PUBLICATION, DISTRIBUTION, ETC. (IMPRINT)
Place of publication, distribution, etc London
Name of publisher, distributor, etc Orbis Books
Date of publication, distribution, etc 1972
300 ## - PHYSICAL DESCRIPTION
Extent xi, 146p. ;
700 ## - ADDED ENTRY--PERSONAL NAME
Personal name Translated by Rose Mary Hancock with a foreword by Ivan Illich
9 (RLIN) 44728
942 ## - ADDED ENTRY ELEMENTS (KOHA)
Source of classification or shelving scheme Library of Congress Classification
Koha item type Monograph ( Printed materials)
Holdings
Withdrawn status Lost status Source of classification or shelving scheme Damaged status Not for loan Collection code Home library Current library Shelving location Date acquired Total Checkouts Full call number Barcode Date last seen Copy number Price effective from Koha item type
    Library of Congress Classification     Main Collection ARRUPE LIBRARY ARRUPE LIBRARY Main Collection 04/03/2013   BX2185.C3413 1972 46003074523 22/11/2017 1 04/03/2013 Monograph ( Printed materials)
    Library of Congress Classification     Main Collection ARRUPE LIBRARY ARRUPE LIBRARY Main Collection 04/03/2013   BX2185.C3413 1972 46003027789 22/11/2017 2 04/03/2013 Monograph ( Printed materials)
    Library of Congress Classification     Main Collection ARRUPE LIBRARY ARRUPE LIBRARY Main Collection 04/03/2013   BX2185.C3413 1972 46600003855 22/11/2017 3 04/03/2013 Monograph ( Printed materials)

 

Arrupe Library. PO Box MP320 Mt Pleasant, Harare, Zimbabwe
263 242 745411|librarian@aju.ac.zw